000 00581nam a2200193 a 4500
005 20240924064437.0
008 041105s1988 mx r 000 0 spa d
020 _a9064436215
035 _aUPN01000136204
049 _aCG
050 4 _aLC196.5 A4.4
_bE3.8
245 0 0 _aEducación popular en América Latina :
_bla teoría en la práctica /
_ccomp. Anke van Dam.
260 _aLa Haya, Hol. :
_bCESO,
_c1988.
300 _a268 p.
440 0 _aCESO paperback ;
_v4
650 4 _aEducación popular
_zAmérica Latina
_95199
700 1 _aDam, Anke van,
_ecomp.
905 _aLibro
999 _c108355
_d108355